Statistics for The 1975 - Give Yourself A Try Lyrics

Click here to take the quiz!

General Stats

  • This quiz has been taken 32 times
  • The average score is 214 of 235

Answer Stats

Answer% Correct
a
100%
A
100%
and
100%
And
100%
give?
100%
give
100%
I
100%
in
100%
is
100%
it
100%
just
100%
like
100%
Like
100%
my
100%
of
100%
on
100%
out
100%
So
100%
so
100%
the
100%
The
100%
to
100%
try?
100%
try
100%
When
100%
when
100%
who
100%
Won't
100%
You
100%
you
100%
your
100%
yourself
100%
age
95%
get
95%
go
95%
taste
95%
things
95%
took
95%
at
90%
collection
90%
couple
90%
don't
90%
hair
90%
her
90%
learn
90%
one
90%
only
90%
outside
90%
really
90%
times
90%
all
86%
coffee
86%
context
86%
dark
86%
debate
86%
for
86%
found
86%
getting
86%
going
86%
grey
86%
Growing
86%
had
86%
isn't
86%
life
86%
modern
86%
quite
86%
same
86%
self?
86%
sign
86%
STD's
86%
tastes
86%
vibe
86%
vinyl
86%
was
86%
25
81%
27
81%
29
81%
afraid
81%
arm
81%
box
81%
friends
81%
happiness
81%
hard
81%
Jane
81%
lie
81%
never
81%
spiritually
81%
starts
81%
tattooed
81%
whiskey
81%
younger
81%
16
76%
apparatus
76%
fucking
76%
kid
76%
own
76%
required
76%
say
76%
She
76%
that
76%
what
76%
would
76%
addicted
71%
baby
71%
beard's
71%
boomers
71%
drugs
71%
enlightened
71%
millennial
71%
suits
71%
sunny
71%
You're
71%
beans
67%
it's
67%
move
67%
nice
67%
seeds
67%
you'll
67%
ammounts
62%
funny
62%
lot
62%
make
62%
money
62%
online
62%
pain
62%
somewhere
62%
spend
62%
Cause
57%
obscene
52%

Score Distribution

Percentile by Number Answered

Percent of People with Each Score

Your Score History

You have not taken this quiz